书目信息 |
| 题名: |
黄土地区土方工程施工扬尘产尘规律及控制方法
|
|
| 作者: | 王雪艳 , 狄育慧 , 杜孟飞 , 梅源 著 | |
| 分册: | ||
| 出版信息: | 北京 中国建筑工业出版社 2025.05 |
|
| 页数: | 178页 | |
| 开本: | 27cm | |
| 丛书名: | ||
| 单 册: | ||
| 中图分类: | TU751 , X513 | |
| 科图分类: | ||
| 主题词: | 黄土区--huang tu qu--土方工程--工程施工--扬尘污染--污染控制--研究 | |
| 电子资源: | ||
| ISBN: | 978-7-112-30506-3 | |
| 000 | 01294nam0 2200301 450 | |
| 001 | 93267 | |
| 005 | 20250818210638.04 | |
| 010 | @a978-7-112-30506-3@b精装@dCNY56.00 | |
| 100 | @a20250702d2025 em y0chiy50 ea | |
| 101 | 0 | @achi |
| 102 | @aCN@b110000 | |
| 105 | @aak a 000yy | |
| 106 | @ar | |
| 200 | 1 | @a黄土地区土方工程施工扬尘产尘规律及控制方法@Ahuang tu di qu tu fang gong cheng shi gong yang chen chan chen gui lv ji kong zhi fang fa@f王雪艳 ... [等] 著 |
| 210 | @a北京@c中国建筑工业出版社@d2025.05 | |
| 215 | @a178页@c图@d27cm | |
| 304 | @a题名页题其余责任者: 狄育慧, 杜孟飞, 梅源 | |
| 320 | @a有书目 (第173-178页) | |
| 330 | @a本书依托黄土地区土方工程施工工程实例, 结合理论分析、实地探测、试验研究、数学模型、数值模拟等技术手段, 针对土方工程施工扬尘的产生机理、基本组成特征、分布规律等方面开展系统性研究, 提出基于粉尘浓度分布规律的除尘措施, 研究成果对类似工程具有借鉴意义, 为黄土地区土方工程施工提供科学指导及参考性建议。 | |
| 606 | 0 | @a黄土区@Ahuang tu qu@x土方工程@x工程施工@x扬尘污染@x污染控制@x研究 |
| 690 | @aTU751@v5 | |
| 690 | @aX513@v5 | |
| 701 | 0 | @a王雪艳@Awang xue yan@4著 |
| 701 | 0 | @a狄育慧@Adi yu hui@4著 |
| 701 | 0 | @a杜孟飞@Adu meng fei@4著 |
| 701 | 0 | @a梅源@Amei yuan@4著 |
| 801 | 0 | @aCN@c20250909 |
| 905 | @a河南城建学院图书馆@dTU751@eW400@f1 | |
| 黄土地区土方工程施工扬尘产尘规律及控制方法/王雪艳 ... [等] 著.-北京:中国建筑工业出版社,2025.05 |
| 178页:图;27cm |
| ISBN 978-7-112-30506-3(精装):CNY56.00 |
| 本书依托黄土地区土方工程施工工程实例, 结合理论分析、实地探测、试验研究、数学模型、数值模拟等技术手段, 针对土方工程施工扬尘的产生机理、基本组成特征、分布规律等方面开展系统性研究, 提出基于粉尘浓度分布规律的除尘措施, 研究成果对类似工程具有借鉴意义, 为黄土地区土方工程施工提供科学指导及参考性建议。 |
| ● |
| 相关链接 |
|
|
|
正题名:黄土地区土方工程施工扬尘产尘规律及控制方
索取号:TU751/W400
 
预约/预借
| 序号 | 登录号 | 条形码 | 馆藏地/架位号 | 状态 | 备注 |
| 1 | 1627225 | 216272254 | 建筑库201/201建筑库 41排5列5层/ [索取号:TU751/W400] | 在馆 |